Datum a čas kvízu
25.5
Celkem bodů
Celkový počet nahraných bodů na tomto kvízu bez doplňovacích otázek.
7.
Pořadí na kvízu
Konečné umístění týmu na tomto kvízu.
Zaznamenané odpovědi
| # | Otázka | Odpověď | Body | Výsledky |
|---|---|---|---|---|
| 1. | Naše poslanecká sněmovna minul... | 1 | ||
| 2. | Jde o dvě ručně psané stránky,... | 1 | ||
| 3. | Slavný renesanční malíř zachyt... | 0 | ||
| 4. | Mladoboleslavská společnost Šk... | 1 | ||
| 5. | Několik hráčů londýnského Arse... | 1 | ||
| 6. | Ve kterém severoevropském přís... | 0 | ||
| 7. | Jaltská konference byla jedním... | 1 | ||
| 8. | Casablanca je největším městem... | 0 | ||
| 9. | Jak se jmenuje černohorské pří... | 0 | ||
| 10. | V přístavním italském městě Sa... | 0 |